| 000 | 00473nam a22001457a 4500 | ||
|---|---|---|---|
| 082 | _a621.39 | ||
| 100 | _aShabbir, Munazza | ||
| 245 |
_aDetection and Prevention of Denial of Service Attacks in VANETs / _cMunazza Shabbir |
||
| 260 |
_aIslamabad : _bCEME - NUST, _c2016. |
||
| 300 |
_a51 p. ; _c30cm. |
||
| 650 |
_aComputer Engineering-MS-Thesis _916083 |
||
| 700 |
_aDr. Muzzam A. Khan _931640 |
||
| 942 |
_2ddc _cTHE |
||
| 999 |
_c536475 _d536475 |
||